000 00435nam a22001577a 4500
005 20251108170823.0
008 250721s1987 xx 000 0 ara d
082 1 4 _a956.4/عنا
100 1 _aالعناني، أحمد
245 1 0 _aفلسطين من منظور إسلامي /
264 1 _aعمان :
_bدار البيرق،
_c1987.
300 _a143ص
650 1 7 _aتاريخ فلسطين
942 _2ddc
_cBK
999 _c49798
_d49798